Análisis y formas musicales : (Record no. 23148)

000 -CABECERA
fixed length control field 01374nam a22002417i 4500
003 - IDENTIFICADOR DEL NÚMERO DE CONTROL
control field AR-CdUCM
008 - DATOS DE LONGITUD FIJA--INFORMACIÓN GENERAL
fixed length control field 241213b20192019 pe||||| |||| 00| 0 spa d
040 ## - FUENTE DE LA CATALOGACIÓN
Agencia/entidad que catalogó originalmente la obra MUNICIPALIDAD PROVINCIAL DEL CUSCO
Entidad que transcribió la catalogación BIBLIOTECA MUNICIPAL DEL CUSCO
082 ## - NÚMERO DE LA CLASIFICACIÓN DECIMAL DEWEY
No. de Clasificación 781.2 / O31
Notacion interna O31
100 ## - ENTRADA PRINCIPAL--NOMBRE DE PERSONA
Nombre Personal Ochoa Revoredo, Luis Edmundo
245 ## - MENCIÓN DE TÍTULO
Título Análisis y formas musicales :
Resto del título Un abordaje progresivo para comprender la naturaleza de la música desde su microcosmos hasta su macrocosmos /
260 ## - PUBLICACIÓN, DISTRIBUCIÓN, ETC.
Lugar de publicación, distribución, etc. Cusco :
Nombre de la editorial, distribuidor, etc. Corporación CUSCOGRAF SAC.
Fecha de publicación, distribución, etc. 2019
300 ## - DESCRIPCIÓN FÍSICA
Nº de Páginas Extensión 590 páginas. :
Dimensiones 30 cm.
500 ## - NOTA GENERAL
Bibliografía Bibliografía: páginas 570-573
505 ## - NOTA DE CONTENIDO CON FORMATO
Nota de contenido formateada La forma musical -- Principios básicos de la organización musical -- Unidades temáticos-estructurales -- Estructura de agrupamiento y estructura métrica -- Formas de pequeña y mediana extensión -- Formas polifónicas -- La misa -- La suite -- La forma sonata -- Formas derivadas de la sonata -- Otras piezas orquestales -- Literatura romántica y pos romántica -- Música escénica y música Programática -- Teoría reduccional -- Teoría Tematicista -- Géneros tradicionales de América latina
650 ## - PUNTO DE ACCESO ADICIONAL DE MATERIA--TÉRMINO DE MATERIA
Descriptor Música
9 (RLIN) 1443
650 ## - PUNTO DE ACCESO ADICIONAL DE MATERIA--TÉRMINO DE MATERIA
Descriptor Organización
9 (RLIN) 4866
650 ## - PUNTO DE ACCESO ADICIONAL DE MATERIA--TÉRMINO DE MATERIA
Descriptor Orquesta
9 (RLIN) 13868
650 ## - PUNTO DE ACCESO ADICIONAL DE MATERIA--TÉRMINO DE MATERIA
Descriptor Sinfónica
9 (RLIN) 13137
700 ## - PUNTO DE ACCESO ADICIONAL--NOMBRE DE PERSONA
Nombre Personal Mercado Chino, Sandro Fidel
9 (RLIN) 50864
942 ## - ELEMENTOS DE PUNTO DE ACCESO ADICIONAL (KOHA)
Fuente de clasificación
Tipo de item Libros-BMC
945 ## - PROCESAMIENTO DE INFORMACIÓN LOCAL (OCLC)
Catalogador pbj
AAAA-MM-DD - Fecha de ingreso o modificacion 13 -12-2024
Holdings
Estado de retiro (separado) Fuente de clasificación o esquema de estanterías Estado dañado Ubicación Sala donde se ubica Nombre de la colección Fecha de adquisición o compra Fuente de adquisición Costo, precio normal en soles Signatura topográfica Código de Barras Última vez visto (Koha) Tipo de ítem (Koha)
No     Sala Artes Sala Artes Book Cart 2024-12-13 Donación 30.00 781.2 / O31 SA0000000757 2024-12-13 Libros-BMC

Powered by Koha